|
|
|
|
| LEADER |
00713nam a2200193 a 4500 |
| 001 |
c000094556 |
| 003 |
CARM |
| 005 |
00000000000000.0 |
| 008 |
940722s1962 enk 00011 eng d |
| 019 |
1 |
|
|a 11028942
|5 LACONCORD2021
|
| 035 |
|
|
|a (OCoLC)2785467
|5 LACONCORD2021
|
| 100 |
1 |
|
|a Mottram, R. H.
|q (Ralph Hale),
|d 1883-
|
| 245 |
1 |
0 |
|a To hell, with Crabb Robinson /
|c R. H. Mottram.
|
| 260 |
|
|
|a London :
|b Hutchinson,
|c 1962.
|
| 300 |
|
|
|a 200 p. ;
|c 19 cm.
|
| 852 |
8 |
|
|b CARM
|h A2:AF27H0
|i A00921
|p 0104506
|f BK
|
| 082 |
0 |
4 |
|a 823.914
|2 20
|
| 999 |
f |
f |
|i f1ca3365-7639-518a-bb51-686984f714fb
|s 07dd4d29-ef37-56f4-8ac2-fe74f9925014
|
| 952 |
f |
f |
|p Can circulate
|a CAVAL
|b CAVAL
|c CAVAL
|d CARM 1 Store
|e A00921
|f A2:AF27H0
|h Other scheme
|i book
|m 0104506
|